| 000 | 01105nam a22003137a 4500 | ||
|---|---|---|---|
| 003 | CHAP | ||
| 005 | 20220329134105.0 | ||
| 008 | 971013s1962 r 00010 d | ||
| 010 | _a15222 | ||
| 011 | _a16194 | ||
| 035 | _a20272 | ||
| 040 | _cCHAP | ||
| 082 |
_a551.5 _bG74 |
||
| 100 | 0 | 0 |
_aGreen, Christine R. _950542 |
| 245 | _aHeating and cooling degree-day characteristics in Arizona | ||
| 260 |
_a(Tucson) : _bUniversity of Arizona, Institute of Atmospheric Physics, _c1962 |
||
| 300 |
_a64 h. _b: ilus |
||
| 490 |
_aTechnical reports on the meteorology and climatology of arid regions _v; 10 |
||
| 590 |
_aBATCH-UPD _b10 _c20130110 _lUCH01 _h1350 |
||
| 590 |
_aBATCH-UPD _b10 _c20130410 _lUCH01 _h0847 |
||
| 590 |
_aBATCH-UPD _b10 _c20130914 _lUCH01 _h0948 |
||
| 590 |
_aCONVERSION _b10 _c20130109 _lUCH01 _h1310 |
||
| 650 | 1 | 4 |
_aClima _xE.U.A. _923825 |
| 650 | 1 | 4 |
_aClimatologĂa. _923864 |
| 830 | 0 |
_aTechnical reports on the meteorology and climatology of arid regions _v; 10 _9111912 |
|
| 901 | _aBK | ||
| 942 | _cLIBRO | ||
| 949 |
_a551.5 G74 _bBC _cLIBRO _d33724000240057 _eLIBRO _h43388 _i20272 _mD _si |
||
| 999 |
_c15222 _d15222 |
||